[Event "SVK-ch U2400"]
[Site "Liptovsky Jan"]
[Date "2025.06.15"]
[Round "8"]
[White "Srnak, Martin"]
[Black "Smetana, Peter"]
[Result "0-1"]
[WhiteElo "1703"]
[BlackElo "2026"]
[PlyCount "48"]
[EventDate "2025.06.12"]
[EventType "swiss"]
[EventRounds "8"]
[EventCountry "SVK"]
[SourceTitle "CB25_2025"]
[SourceDate "2025.06.18"]
[SourceVersion "1"]
[SourceVersionDate "2025.06.18"]
[SourceQuality "1"]

1. Nf3 c5 2. g3 Nc6 3. Bg2 g6 4. 0-0 Bg7 5. e3 d5 6. d4 cxd4 7. exd4 Bg4 8. c3 Nf6 9. Qb3 Bc8 10. Ne5 0-0 11. Bg5 e6 12. Bxf6 Bxf6 13. f4 Qc7 14. Nd2 Rb8 15. a4 b6 16. Rfe1 a6 17. Nxc6 Qxc6 18. Nf3 b5 19. Ne5 Qc7 20. axb5 axb5 21. Qb4 Qb7 22. Nd3 Be7 23. Bxd5 Qxd5 24. Qxe7 Bb7 0-1

[Event "SVK-ch U2400"]
[Site "Liptovsky Jan"]
[Date "2025.06.14"]
[Round "5"]
[White "Smetana, Peter"]
[Black "Mlynek, Maksymilian"]
[Result "1/2-1/2"]
[WhiteElo "2026"]
[BlackElo "1780"]
[PlyCount "51"]
[EventDate "2025.06.12"]
[EventType "swiss"]
[EventRounds "8"]
[EventCountry "SVK"]
[SourceTitle "CB25_2025"]
[SourceDate "2025.06.18"]
[SourceVersion "1"]
[SourceVersionDate "2025.06.18"]
[SourceQuality "1"]

1. e4 c6 2. Nf3 d5 3. Nc3 dxe4 4. Nxe4 Nd7 5. Bc4 Ngf6 6. Neg5 e6 7. Qe2 Qe7 8. 0-0 h6 9. Ne4 Nxe4 10. Qxe4 Nf6 11. Qe2 Qc7 12. d4 Bd6 13. Ne5 0-0 14. Re1 c5 15. c3 cxd4 16. cxd4 Bd7 17. Qf3 Bxe5 18. dxe5 Nh7 19. Bd3 Bc6 20. Qg4 Kh8 21. Bf4 Rad8 22. Re3 Qe7 23. Rh3 f5 24. exf6 Qxf6 25. Bxh7 Kxh7 26. Be3 1/2-1/2

[Event "SVK-ch U18/20"]
[Site "Tatralandia"]
[Date "2025.05.17"]
[Round "8"]
[White "Salgovic, Simon"]
[Black "Smetana, Peter"]
[Result "1-0"]
[WhiteElo "2132"]
[BlackElo "2085"]
[PlyCount "117"]
[EventDate "2025.05.11"]
[EventType "swiss"]
[EventRounds "9"]
[EventCountry "SVK"]
[SourceTitle "CB21_2025"]
[SourceDate "2025.05.21"]
[SourceVersion "1"]
[SourceVersionDate "2025.05.21"]
[SourceQuality "1"]

1. e4 e6 2. d4 d5 3. Nc3 dxe4 4. Nxe4 Bd7 5. Bd3 Bc6 6. Nf3 Nd7 7. Qe2 Ngf6 8. Neg5 Qe7 9. 0-0 h6 10. Ne4 Nxe4 11. Bxe4 Bxe4 12. Qxe4 c6 13. Bf4 g5 14. Be5 f6 15. Bc7 Rc8 16. Ba5 f5 17. Qe2 Bg7 18. Rfe1 Kf7 19. Bb4 Qe8 20. Bd6 g4 21. Nh4 Bf6 22. Nxf5 exf5 23. Qc4+ Kg6 24. Rxe8 Rhxe8 25. c3 Nb6 26. Qb3 Re2 27. Kf1 Rce8 28. Be5 Re4 29. f3 gxf3 30. gxf3 Rh4 31. Bg3 Rh5 32. Re1 Rf8 33. f4 Rf7 34. Re6 Nd5 35. c4 Nc7 36. Rd6 Ne8 37. Re6 Ng7 38. Rxf6+ Kxf6 39. d5 cxd5 40. cxd5 Rd7 41. Qc3+ Kf7 42. Qc8 Ke7 43. Qc5+ Kf7 44. Qxa7 Ne8 45. Qb6 Nf6 46. Qe6+ Kg7 47. d6 Rf7 48. a4 Rd7 49. a5 Rf7 50. b4 Ne4 51. d7 Nxg3+ 52. hxg3 Rh1+ 53. Ke2 Rh2+ 54. Ke3 Rh1 55. Qe5+ Kg6 56. d8Q Re1+ 57. Kf3 Rxe5 58. fxe5 h5 59. e6 1-0

[Event "SVK-chT rapid"]
[Site "Poprad"]
[Date "2025.05.04"]
[Round "6.15"]
[White "Beres, Dominik"]
[Black "Smetana, Peter"]
[Result "0-1"]
[WhiteElo "1976"]
[BlackElo "1933"]
[PlyCount "58"]
[EventDate "2025.05.04"]
[EventType "team-swiss (rapid)"]
[EventRounds "7"]
[EventCountry "SVK"]
[SourceTitle "CB19_2025"]
[SourceDate "2025.05.07"]
[SourceVersion "1"]
[SourceVersionDate "2025.05.07"]
[SourceQuality "1"]

1. e4 c5 2. Nf3 d6 3. c3 Nf6 4. Bd3 Nc6 5. 0-0 Bg4 6. Re1 Rg8 7. h3 Bh5 8. Bb5 e5 9. d3 Qd7 10. Nbd2 g5 11. g4 Nxg4 12. hxg4 Qxg4+ 13. Kf1 Qh3+ 14. Ke2 g4 15. Ng1 Qh2 16. Rf1 g3+ 17. Ngf3 Bh6 18. d4 g2 19. Rg1 Bxd2 20. Kxd2 Bxf3 21. Qxf3 Qxg1 22. d5 Qf1 23. Bxf1 gxf1Q 24. dxc6 bxc6 25. Kc2 Qg2 26. Qf6 Qxe4+ 27. Kb3 Rb8+ 28. Ka3 Rb6 29. b3 Qc2 0-1

[Event "SVK-chT rapid"]
[Site "Poprad"]
[Date "2025.05.04"]
[Round "5.7"]
[White "Smetana, Peter"]
[Black "Mazur, Stefan"]
[Result "1/2-1/2"]
[WhiteElo "1933"]
[BlackElo "2357"]
[PlyCount "126"]
[EventDate "2025.05.04"]
[EventType "team-swiss (rapid)"]
[EventRounds "7"]
[EventCountry "SVK"]
[SourceTitle "CB19_2025"]
[SourceDate "2025.05.07"]
[SourceVersion "1"]
[SourceVersionDate "2025.05.07"]
[SourceQuality "1"]

1. e4 Nc6 2. d4 d5 3. Nc3 dxe4 4. d5 Ne5 5. Qd4 Ng6 6. Qxe4 Nf6 7. Qa4+ Bd7 8. Bb5 a6 9. Bxd7+ Qxd7 10. Qxd7+ Kxd7 11. Be3 Rd8 12. 0-0-0 Kc8 13. f3 Ne5 14. Bd4 Nc4 15. b3 Nb6 16. Bxb6 cxb6 17. Nge2 g6 18. Rd3 Bg7 19. Rhd1 b5 20. a3 Rd7 21. Ng3 Rhd8 22. Nge4 Ne8 23. Ng5 Nd6 24. Nce4 h6 25. Nxd6+ exd6 26. Ne4 f5 27. Ng3 Re7 28. Kd2 Rde8 29. f4 h5 30. h4 Bf6 31. Rh1 Kc7 32. b4 Kb6 33. Rf3 Bd4 34. Kd3 Bf6 35. Kd2 Ka7 36. Rd3 b6 37. Rf3 a5 38. Rd3 Kb7 39. Rf3 Rc7 40. Ne2 Rc4 41. c3 axb4 42. axb4 Ra8 43. g3 Ra2+ 44. Kd3 Bxc3 45. Nxc3 Rxc3+ 46. Kxc3 Ra3+ 47. Kc2 Rxf3 48. Rg1 Kc7 49. Rg2 Kd7 50. Rg1 Re3 51. Rg2 Re4 52. Kc3 Rc4+ 53. Kb3 Rd4 54. Kc3 Rxd5 55. Rg1 Ke6 56. Re1+ Kf6 57. Rf1 Kf7 58. Re1 Kf6 59. Rf1 Ke6 60. Re1+ Kd7 61. Rc1 Kc6 62. Kb3+ Kd7 63. Kc3 Ke6 1/2-1/2

[Event "SVK-ch U18 rapid"]
[Site "Poprad"]
[Date "2025.05.03"]
[Round "5"]
[White "Iankin, Arseni"]
[Black "Smetana, Peter"]
[Result "1-0"]
[WhiteElo "1862"]
[BlackElo "1933"]
[PlyCount "99"]
[EventDate "2025.05.03"]
[EventType "swiss (rapid)"]
[EventRounds "7"]
[EventCountry "SVK"]
[SourceTitle "CB19_2025"]
[SourceDate "2025.05.07"]
[SourceVersion "1"]
[SourceVersionDate "2025.05.07"]
[SourceQuality "1"]

1. e4 c5 2. Nf3 d6 3. Bb5+ Bd7 4. Bxd7+ Qxd7 5. c4 Nc6 6. Nc3 e5 7. a3 g6 8. b4 cxb4 9. axb4 Nxb4 10. d4 Nc6 11. d5 Nce7 12. c5 Bg7 13. cxd6 Qxd6 14. Qa4+ Kf8 15. Ba3 Qd8 16. 0-0 Bf6 17. Rab1 b6 18. d6 Nc8 19. Qc6 Rb8 20. Nd5 Kg7 21. Nxf6 Nxf6 22. Nxe5 Re8 23. Bb2 Nxd6 24. Nd7 Ndxe4 25. Nxb8 Qxb8 26. Rfe1 Re6 27. Bxf6+ Kxf6 28. Qd7 Nc5 29. Qd4+ Ke7 30. Qxc5+ bxc5 31. Rxe6+ Kxe6 32. Rxb8 c4 33. Kf1 Kd5 34. Ke1 Kd4 35. Kd2 a5 36. Ra8 h5 37. Rxa5 h4 38. h3 f6 39. Ra6 Ke5 40. Kc3 g5 41. Kxc4 f5 42. Kd3 Kf4 43. Ra4+ Ke5 44. Ke3 Kd5 45. Ra5+ Ke6 46. Kd4 Kf6 47. Ra6+ Kg7 48. Ke5 g4 49. Kxf5 gxh3 50. gxh3 1-0

[Event "SVK-ch U18 rapid"]
[Site "Poprad"]
[Date "2025.05.03"]
[Round "7"]
[White "Kapinaj, Matus"]
[Black "Smetana, Peter"]
[Result "1-0"]
[WhiteElo "1981"]
[BlackElo "1933"]
[PlyCount "143"]
[EventDate "2025.05.03"]
[EventType "swiss (rapid)"]
[EventRounds "7"]
[EventCountry "SVK"]
[SourceTitle "CB19_2025"]
[SourceDate "2025.05.07"]
[SourceVersion "1"]
[SourceVersionDate "2025.05.07"]
[SourceQuality "1"]

1. e4 c5 2. Nf3 Nc6 3. d4 cxd4 4. Nxd4 e5 5. Nb5 d6 6. N1c3 a6 7. Na3 Be6 8. Nc4 Rb8 9. Nd5 b5 10. Nce3 Nf6 11. Bd3 Bxd5 12. exd5 Ne7 13. Qf3 Ng6 14. Nf5 Ne7 15. Ne3 Ng6 16. 0-0 Be7 17. a4 0-0 18. Bd2 Nf4 19. axb5 axb5 20. Ba5 Qd7 21. Bf5 Qb7 22. Rfd1 g6 23. g3 N4h5 24. Bh3 Ng7 25. b3 Nd7 26. Rdc1 f5 27. c4 bxc4 28. bxc4 Nc5 29. Qd1 Qd7 30. Rcb1 Bf6 31. Bb6 Ne4 32. Qc2 Rb7 33. Qxe4 fxe4 34. Bxd7 Rxd7 35. c5 dxc5 36. Bxc5 Be7 37. Bxe7 Rxe7 38. Ra4 Nf5 39. Rxe4 Nxe3 40. fxe3 Rd8 41. Rd1 Kf7 42. Rc4 Red7 43. e4 Ra7 44. Rc6 Rdd7 45. Re6 Re7 46. Rf1+ Kg7 47. Rff6 Rab7 48. Kg2 Ra7 49. d6 Rxe6 50. Rxe6 Kf7 51. Rxe5 Rd7 52. Rd5 Ke6 53. Kf3 g5 54. Kg4 h6 55. Kh5 Rf7 56. d7 Rxd7 57. Rxd7 Kxd7 58. Kxh6 g4 59. Kg5 Ke6 60. Kxg4 Ke5 61. Kf3 Kf6 62. Kf4 Ke6 63. h4 Kf6 64. h5 Kg7 65. Kg5 Kh7 66. e5 Kg7 67. e6 Kf8 68. Kf6 Kg8 69. e7 Kh8 70. e8Q+ Kh7 71. g4 Kh6 72. Qg6# 1-0

[Event "SVK-ch U18 rapid"]
[Site "Poprad"]
[Date "2025.05.03"]
[Round "1"]
[White "Kulka, Michal"]
[Black "Smetana, Peter"]
[Result "0-1"]
[WhiteElo "1624"]
[BlackElo "1933"]
[PlyCount "146"]
[EventDate "2025.05.03"]
[EventType "swiss (rapid)"]
[EventRounds "7"]
[EventCountry "SVK"]
[SourceTitle "CB19_2025"]
[SourceDate "2025.05.07"]
[SourceVersion "1"]
[SourceVersionDate "2025.05.07"]
[SourceQuality "1"]

1. e4 c5 2. Nf3 Nc6 3. Bc4 e6 4. c3 Nf6 5. d3 d5 6. exd5 exd5 7. Bb3 Be7 8. 0-0 0-0 9. Re1 Bg4 10. h3 Bh5 11. Nbd2 Qd7 12. Nf1 d4 13. Ng3 Bg6 14. Ne5 Nxe5 15. Rxe5 Bd6 16. Re1 Bxg3 17. fxg3 dxc3 18. bxc3 Qxd3 19. Qxd3 Bxd3 20. Bb2 Rfe8 21. c4 Nh5 22. Kh2 g6 23. Rad1 Be4 24. Ba4 Re7 25. Rf1 f5 26. Rfe1 Kf7 27. Rd6 a6 28. Bd1 Ng7 29. Rf6+ Kg8 30. Bf3 Rae8 31. Rb6 Bxf3 32. Rxe7 Rxe7 33. Bxg7 Kxg7 34. gxf3 Kf7 35. Kg1 Ke8 36. Kf2 Kd7 37. Rxb7+ Ke8 38. Rb6 Rd7 39. Ke3 Rd4 40. Rxa6 Rxc4 41. Kd3 Rc1 42. Rc6 Ra1 43. Rxc5 Rxa2 44. Ke3 Ra7 45. Kf4 Kf7 46. h4 h6 47. g4 Ra4+ 48. Kg3 f4+ 49. Kg2 Ra6 50. Rc4 g5 51. hxg5 hxg5 52. Rc5 Kf6 53. Rf5+ Kg6 54. Rf8 Ra2+ 55. Kf1 Ra6 56. Rg8+ Kf6 57. Rf8+ Kg7 58. Rf5 Kg6 59. Rf8 Ra5 60. Rg8+ Kf6 61. Rf8+ Ke7 62. Rb8 Ke6 63. Re8+ Kd5 64. Rg8 Kd4 65. Rf8 Ke3 66. Rf5 Ra2 67. Rxg5 Kxf3 68. Ke1 Ra1+ 69. Kd2 Kg2 70. Rf5 f3 71. Ke3 Re1+ 72. Kd2 Re6 73. g5 f2 0-1

[Event "SVK-chT 2425"]
[Site "Slovakia"]
[Date "2025.02.16"]
[Round "6.7"]
[White "Stevik, Patrik1"]
[Black "Smetana, Peter"]
[Result "1-0"]
[WhiteElo "2331"]
[BlackElo "1947"]
[PlyCount "73"]
[EventDate "2024.11.23"]
[EventType "team-tourn"]
[EventRounds "11"]
[EventCountry "SVK"]
[SourceTitle "CB14_2025"]
[SourceDate "2024.11.01"]
[SourceVersion "1"]
[SourceVersionDate "2024.11.01"]
[SourceQuality "1"]
[WhiteTeam "Modra"]
[BlackTeam "Humenne Reinter"]
[WhiteTeamCountry "SVK"]
[BlackTeamCountry "SVK"]

1. Nf3 c5 2. g3 Nc6 3. Bg2 g6 4. c4 Bg7 5. Nc3 d6 6. 0-0 Nf6 7. d4 cxd4 8. Nxd4 Bd7 9. e3 0-0 10. b3 Qc8 11. Re1 Bh3 12. Bh1 h5 13. Bb2 h4 14. Rc1 Ne5 15. f4 Neg4 16. Qf3 Rb8 17. gxh4 Nh6 18. Nd5 Nxd5 19. cxd5 Qd7 20. Qg3 Bg4 21. Bg2 Rbc8 22. h3 Bh5 23. e4 Rxc1 24. Rxc1 Rc8 25. Re1 Qc7 26. Qf2 Qa5 27. a3 Bxd4 28. Bxd4 Qxa3 29. f5 f6 30. Qf4 Qb4 31. Bf2 Kh7 32. fxg6+ Bxg6 33. Bf3 Bf7 34. Re2 Qc3 35. Be3 Qa1+ 36. Kf2 Ng8 37. Qf5+ 1-0

[Event "SVK-chT 2425"]
[Site "Slovakia"]
[Date "2025.02.15"]
[Round "5.8"]
[White "Takacs, Laszlo"]
[Black "Smetana, Peter"]
[Result "1/2-1/2"]
[WhiteElo "2227"]
[BlackElo "1947"]
[PlyCount "105"]
[EventDate "2024.11.23"]
[EventType "team-tourn"]
[EventRounds "11"]
[EventCountry "SVK"]
[SourceTitle "CB14_2025"]
[SourceDate "2024.11.01"]
[SourceVersion "1"]
[SourceVersionDate "2024.11.01"]
[SourceQuality "1"]
[WhiteTeam "Dunajska Streda"]
[BlackTeam "Humenne Reinter"]
[WhiteTeamCountry "SVK"]
[BlackTeamCountry "SVK"]

1. e4 c5 2. Nf3 Nc6 3. Bb5 e5 4. 0-0 Bd6 5. c3 a6 6. Bxc6 dxc6 7. d4 cxd4 8. cxd4 Qc7 9. dxe5 Bxe5 10. Nxe5 Qxe5 11. Nd2 Be6 12. f4 Qc5+ 13. Kh1 f6 14. Nb3 Qb6 15. Qh5+ Bf7 16. Qg4 Kf8 17. Rd1 Bxb3 18. axb3 Ne7 19. Qe6 Rd8 20. Be3 Qc7 21. Kg1 h5 22. Kf2 f5 23. Rxd8+ Qxd8 24. exf5 Qd5 25. Re1 Qxf5 26. Qd6 Rh6 27. Qb8+ Kf7 28. Qxb7 Re6 29. Qd7 Qc2+ 30. Qd2 Qxb3 31. Bd4 Rxe1 32. Qxe1 Qc2+ 33. Qe2 Qxe2+ 34. Kxe2 g6 35. Kd3 Ke6 36. Ke4 Nf5 37. Bc3 c5 38. Be5 Nh4 39. g3 Nf5 40. Bc7 Ne7 41. h3 Nf5 42. g4 hxg4 43. hxg4 Nh6 44. Kf3 Kd5 45. Be5 Nf7 46. Bc7 Kc6 47. Ba5 Nd6 48. Bc3 Kd5 49. Ke3 Ne4 50. Bg7 Nd6 51. Bc3 Ne4 52. Bg7 Nd6 53. Bc3 1/2-1/2

[Event "Wch U16 blitz"]
[Site "Terme Catez"]
[Date "2024.12.16"]
[Round "1"]
[White "Povshednyi, Ivan"]
[Black "Smetana, Peter"]
[Result "1/2-1/2"]
[WhiteElo "2230"]
[BlackElo "1820"]
[PlyCount "74"]
[EventDate "2024.12.16"]
[EventType "swiss (blitz)"]
[EventRounds "22"]
[EventCountry "SLO"]
[SourceTitle "CB51_2024"]
[SourceDate "2024.12.18"]
[SourceVersion "1"]
[SourceVersionDate "2024.12.18"]
[SourceQuality "1"]

1. Nf3 c5 2. g3 Nc6 3. Bg2 g6 4. c3 Bg7 5. d4 cxd4 6. cxd4 d5 7. Nc3 Nf6 8. 0-0 0-0 9. Ne5 Nxe5 10. dxe5 Nd7 11. Nxd5 Nxe5 12. Bg5 f6 13. Bf4 Nc6 14. Nc7 Rb8 15. Qb3+ Kh8 16. Bxc6 e5 17. Be3 Qxc7 18. Bg2 b6 19. Rac1 Qe7 20. Rfd1 Be6 21. Qa4 Rfd8 22. h4 Qf7 23. b3 Rbc8 24. Rxd8+ Rxd8 25. Qc6 h5 26. Qb7 Qxb7 27. Bxb7 Kg8 28. Kf1 Bf8 29. Ba6 Bh3+ 30. Kg1 Bf5 31. Bc4+ Kg7 32. Kf1 Ba3 33. Re1 Bb4 34. Rc1 Ba3 35. Ra1 Bb2 36. Re1 Bc3 37. Rc1 Bb2 1/2-1/2

[Event "SVK-ch rapid"]
[Site "Modra"]
[Date "2024.10.05"]
[Round "8"]
[White "Karaba, Rudolf"]
[Black "Smetana, Peter"]
[Result "1-0"]
[WhiteElo "1813"]
[BlackElo "2055"]
[PlyCount "73"]
[EventDate "2024.10.05"]
[EventType "swiss (rapid)"]
[EventRounds "9"]
[EventCountry "SVK"]
[SourceTitle "EXT 2025"]
[Source "ChessBase"]
[SourceDate "2024.10.14"]
[SourceVersion "1"]
[SourceVersionDate "2024.10.14"]
[SourceQuality "1"]
[WhiteTeam "Slovakia"]
[BlackTeam "Slovakia"]
[WhiteTeamCountry "SVK"]
[BlackTeamCountry "SVK"]

1. c4 e5 2. Nc3 Nc6 3. g3 f5 4. Bg2 Nf6 5. d3 Bb4 6. Bd2 0-0 7. e4 Bxc3 8. Bxc3 d6 9. Ne2 fxe4 10. dxe4 Qe8 11. 0-0 Qh5 12. f3 Bh3 13. Qd3 Bxg2 14. Kxg2 Nd7 15. c5 Nxc5 16. Qd5+ Qf7 17. Qxf7+ Rxf7 18. a4 Raf8 19. b4 Ne6 20. b5 Ncd8 21. Bb4 Ng5 22. Ng1 Nde6 23. h4 Nxe4 24. fxe4 Nd4 25. Rxf7 Rxf7 26. Rf1 Rd7 27. Nf3 Nc2 28. Bd2 h6 29. Rc1 Na3 30. Bb4 Nxb5 31. axb5 Kf7 32. Ba5 b6 33. Bc3 Ke6 34. Ra1 d5 35. exd5+ Rxd5 36. Bxe5 Rxb5 37. Nd4+ 1-0

[Event "SVK-ch rapid"]
[Site "Modra"]
[Date "2024.10.05"]
[Round "6"]
[White "Kulich, Filip"]
[Black "Smetana, Peter"]
[Result "1-0"]
[WhiteElo "1931"]
[BlackElo "2055"]
[PlyCount "37"]
[EventDate "2024.10.05"]
[EventType "swiss (rapid)"]
[EventRounds "9"]
[EventCountry "SVK"]
[SourceTitle "EXT 2025"]
[Source "ChessBase"]
[SourceDate "2024.10.14"]
[SourceVersion "1"]
[SourceVersionDate "2024.10.14"]
[SourceQuality "1"]
[WhiteTeam "Slovakia"]
[BlackTeam "Slovakia"]
[WhiteTeamCountry "SVK"]
[BlackTeamCountry "SVK"]

1. e4 c5 2. c3 d5 3. exd5 Qxd5 4. d4 Nf6 5. Nf3 Bg4 6. Na3 Bxf3 7. gxf3 a6 8. Be3 cxd4 9. cxd4 e6 10. Nc4 Bb4+ 11. Bd2 Bxd2+ 12. Qxd2 Nbd7 13. Qb4 Qxf3 14. Nd6+ Kf8 15. Nf5+ Kg8 16. Ne7+ Kf8 17. Ng6+ Kg8 18. Qf8+ Rxf8 19. Ne7# 1-0

[Event "Bratislava exe op 2nd"]
[Site "Bratislava"]
[Date "2024.09.20"]
[Round "7"]
[White "Iankin, Arseni"]
[Black "Smetana, Peter"]
[Result "0-1"]
[WhiteElo "1795"]
[BlackElo "2038"]
[PlyCount "23"]
[EventDate "2024.09.14"]
[EventType "swiss"]
[EventRounds "9"]
[EventCountry "SVK"]
[SourceTitle "EXT 2025"]
[Source "ChessBase"]
[SourceDate "2024.10.14"]
[SourceVersion "1"]
[SourceVersionDate "2024.10.14"]
[SourceQuality "1"]

1. e4 c5 2. Nf3 d6 3. c3 Nf6 4. Bd3 Nc6 5. Bc2 Bg4 6. h3 Bh5 7. 0-0 Qd7 8. d3 Rg8 9. Ba4 a6 10. c4 g5 11. e5 g4 12. Nd4 0-1

[Event "Bratislava exe op 2nd"]
[Site "Bratislava"]
[Date "2024.09.14"]
[Round "1"]
[White "Hanzel, Richard"]
[Black "Smetana, Peter"]
[Result "1/2-1/2"]
[WhiteElo "1676"]
[BlackElo "2038"]
[PlyCount "146"]
[EventDate "2024.09.14"]
[EventType "swiss"]
[EventRounds "9"]
[EventCountry "SVK"]
[SourceTitle "EXT 2025"]
[Source "ChessBase"]
[SourceDate "2024.10.14"]
[SourceVersion "1"]
[SourceVersionDate "2024.10.14"]
[SourceQuality "1"]

1. d4 Nf6 2. Bg5 e6 3. e4 h6 4. Bxf6 Qxf6 5. Nc3 d6 6. Qd2 g5 7. 0-0-0 Bg7 8. e5 dxe5 9. dxe5 Qe7 10. f4 gxf4 11. Nf3 Nc6 12. Qxf4 Bd7 13. h4 0-0-0 14. h5 Rhf8 15. Ne4 Kb8 16. a3 a6 17. Bd3 Bc8 18. Rhg1 Rd5 19. Nf6 Bxf6 20. exf6 Qc5 21. Qxh6 Rxh5 22. Qg7 Rhh8 23. Bh7 e5 24. Ng5 Qc4 25. Kb1 Be6 26. Nxe6 Qxe6 27. g4 Nd4 28. Rh1 Qc6 29. Rh2 Ne6 30. Qh6 Qf3 31. Rg1 Rd8 32. Qc1 Nf4 33. Rgh1 Qg3 34. Qg1 Qxg1+ 35. Rxg1 Rhf8 36. Rhh1 Rd6 37. g5 b6 38. Rd1 Ne6 39. Rdg1 Nf4 40. Bf5 Ne2 41. Rg2 Nf4 42. Rgh2 Rg8 43. Be4 Rdd8 44. Rh7 Rdf8 45. Rg7 Ne6 46. Rxg8 Rxg8 47. g6 fxg6 48. Bd5 Rf8 49. Bxe6 Rxf6 50. Rh8+ Ka7 51. Bd5 b5 52. Re8 c6 53. Be4 a5 54. Rxe5 a4 55. Rg5 Re6 56. Bxg6 Kb6 57. Bf7 Re1+ 58. Ka2 Re2 59. Bg6 Re6 60. b3 axb3+ 61. Kxb3 Re1 62. Kb2 Re2 63. Bd3 Re3 64. Rf5 Re7 65. Rf4 Re5 66. Re4 Rg5 67. Re6 Rg8 68. Be4 Rc8 69. Kb3 Kc5 70. c3 Rc7 71. Rg6 Rc8 72. a4 bxa4+ 73. Kxa4 Kc4 1/2-1/2

[Event "SVK-ch U2300"]
[Site "Liptovsky Jan"]
[Date "2024.06.18"]
[Round "8"]
[White "Sokolovsky, Jakub"]
[Black "Smetana, Peter"]
[Result "1/2-1/2"]
[WhiteElo "2052"]
[BlackElo "2004"]
[PlyCount "48"]
[EventDate "2024.06.15"]
[EventType "swiss"]
[EventRounds "8"]
[EventCountry "SVK"]
[SourceTitle "CBM 220 Extra"]
[Source "ChessBase"]
[SourceDate "2024.07.31"]
[SourceVersion "1"]
[SourceVersionDate "2024.07.31"]
[SourceQuality "1"]

1. e4 c5 2. Nf3 Nc6 3. d4 cxd4 4. Nxd4 e5 5. Nb5 d6 6. c4 Be6 7. N1c3 a6 8. Na3 g6 9. Nc2 Bg7 10. Bd3 Nf6 11. 0-0 0-0 12. Bg5 h6 13. Bh4 g5 14. Bg3 Rc8 15. Nd5 Ne7 16. Nce3 Nfxd5 17. cxd5 Bd7 18. a4 f5 19. exf5 Bxf5 20. Nxf5 Nxf5 21. Bxf5 Rxf5 22. Qb3 Qd7 23. Rac1 Rff8 24. f3 Rc7 1/2-1/2

[Event "SVK-ch U2300"]
[Site "Liptovsky Jan"]
[Date "2024.06.16"]
[Round "4"]
[White "Smetana, Peter"]
[Black "Mrkvik, Jan"]
[Result "1-0"]
[WhiteElo "2004"]
[BlackElo "1839"]
[PlyCount "49"]
[EventDate "2024.06.15"]
[EventType "swiss"]
[EventRounds "8"]
[EventCountry "SVK"]
[SourceTitle "CBM 220 Extra"]
[Source "ChessBase"]
[SourceDate "2024.07.31"]
[SourceVersion "1"]
[SourceVersionDate "2024.07.31"]
[SourceQuality "1"]

1. e4 c6 2. Nf3 d5 3. Nc3 Nf6 4. e5 Ne4 5. Nxe4 dxe4 6. Ng5 Qd5 7. Qe2 Bf5 8. g4 Bg6 9. Bg2 Qxe5 10. Nxe4 h5 11. g5 Bxe4 12. g6 f5 13. f3 Qf6 14. fxe4 Qxg6 15. Rf1 Qg4 16. exf5 Qxe2+ 17. Kxe2 Nd7 18. d4 0-0-0 19. Be3 Kb8 20. Rad1 Nf6 21. Kd2 e5 22. fxe6 Re8 23. Bf4+ Ka8 24. Rde1 g5 25. Be5 1-0

[Event "SVK-ch U2300"]
[Site "Liptovsky Jan"]
[Date "2024.06.15"]
[Round "2"]
[White "Smetana, Peter"]
[Black "Gyerpal, Adrian"]
[Result "0-1"]
[WhiteElo "2004"]
[BlackElo "2227"]
[PlyCount "100"]
[EventDate "2024.06.15"]
[EventType "swiss"]
[EventRounds "8"]
[EventCountry "SVK"]
[SourceTitle "CBM 220 Extra"]
[Source "ChessBase"]
[SourceDate "2024.07.31"]
[SourceVersion "1"]
[SourceVersionDate "2024.07.31"]
[SourceQuality "1"]

1. e4 c5 2. Nc3 Nc6 3. f4 g6 4. Nf3 Bg7 5. g3 d6 6. Bg2 e6 7. 0-0 Nge7 8. d3 0-0 9. Be3 Nd4 10. Bxd4 cxd4 11. Ne2 Qb6 12. Rb1 Bd7 13. g4 f5 14. gxf5 exf5 15. Kh1 fxe4 16. dxe4 Bb5 17. Ne1 d5 18. e5 Nf5 19. Bxd5+ Kh8 20. Ng2 Qa6 21. Re1 Rad8 22. Be4 Ne3 23. Qd2 Nxc2 24. Bxc2 d3 25. Nc1 dxc2 26. Qxc2 Qc6 27. Qxc6 Bxc6 28. Nb3 Rxf4 29. Re2 Rdf8 30. Kg1 R4f5 31. e6 Bb5 32. e7 Bxe2 33. exf8Q+ Rxf8 34. Re1 Ba6 35. Ne3 Re8 36. Kf2 Bxb2 37. Nc5 Bd4 38. Nxa6 bxa6 39. Kf3 Rxe3+ 40. Rxe3 Bxe3 41. Kxe3 Kg7 42. Kd4 g5 43. Kc5 h5 44. Kb4 g4 45. Ka5 h4 46. Kxa6 g3 47. hxg3 hxg3 48. Kxa7 g2 49. a4 g1Q+ 50. Kb7 Qc5 0-1

[Event "SVK-ch U16"]
[Site "Tatralandia"]
[Date "2024.04.06"]
[Round "2"]
[White "Smetana, Peter"]
[Black "Visvader, Kristof"]
[Result "1-0"]
[WhiteElo "1949"]
[BlackElo "1740"]
[PlyCount "39"]
[EventDate "2024.04.05"]
[EventType "swiss"]
[EventRounds "9"]
[EventCountry "SVK"]
[SourceTitle "CBM 219 Extra"]
[Source "ChessBase"]
[SourceDate "2024.05.31"]
[SourceVersion "1"]
[SourceVersionDate "2024.05.31"]
[SourceQuality "1"]

1. e4 e5 2. Nf3 Nc6 3. d4 exd4 4. Nxd4 Qh4 5. Nc3 Bb4 6. Be2 Qxe4 7. Ndb5 Kd8 8. 0-0 Bxc3 9. bxc3 a6 10. Bf3 Qc4 11. Be2 Qe4 12. Nd4 Nxd4 13. cxd4 d5 14. Bf3 Qf5 15. Re1 Nf6 16. Re5 Qd7 17. Bg5 c6 18. Qd2 Re8 19. Qa5+ Qc7 20. Rxe8+ 1-0

[Event "SVK-chT1E 2223"]
[Site "Slovakia"]
[Date "2024.03.09"]
[Round "10.5"]
[White "Smetana, Peter"]
[Black "Saga, Vladimir"]
[Result "1/2-1/2"]
[WhiteElo "1923"]
[BlackElo "1964"]
[PlyCount "110"]
[EventDate "2023.10.21"]
[EventType "team-tourn"]
[EventRounds "11"]
[EventCountry "SVK"]
[SourceTitle "EXT 2025"]
[Source "ChessBase"]
[SourceDate "2024.10.14"]
[SourceVersion "1"]
[SourceVersionDate "2024.10.14"]
[SourceQuality "1"]
[WhiteTeam "Humenne Reinter II"]
[BlackTeam "Dunajov Martin II"]
[WhiteTeamCountry "SVK"]
[BlackTeamCountry "SVK"]

1. e4 c5 2. Nc3 e6 3. Nf3 Nc6 4. d4 cxd4 5. Nxd4 a6 6. Nxc6 dxc6 7. Qxd8+ Kxd8 8. Bf4 f6 9. 0-0-0+ Ke8 10. e5 b5 11. exf6 Nxf6 12. Be2 Bc5 13. Bf3 Bb7 14. Bg3 Rd8 15. Rxd8+ Kxd8 16. Ne4 Nxe4 17. Bxe4 Be7 18. Re1 Bf6 19. Rd1+ Ke7 20. Bc7 g6 21. Bb6 Be5 22. Bc5+ Ke8 23. g3 Bc7 24. Bg2 Rg8 25. c3 Rg7 26. f4 g5 27. Bd4 Rg6 28. Be5 Bd8 29. Kc2 gxf4 30. Bxf4 Bf6 31. Be4 Rg7 32. Bh6 Rc7 33. Rf1 Rf7 34. Re1 e5 35. Be3 Bd8 36. Kb3 Kd7 37. Bc5 Be7 38. Rd1+ Kc7 39. Be3 c5 40. Bxb7 c4+ 41. Kc2 Kxb7 42. Rd5 h5 43. Rxe5 h4 44. gxh4 Bxh4 45. Re4 Bd8 46. h4 Rf3 47. h5 Rh3 48. h6 Rh2+ 49. Kb1 Rh1+ 50. Kc2 Rh2+ 51. Kc1 Rh1+ 52. Kd2 Rh2+ 53. Kc1 Rh1+ 54. Kc2 Rh2+ 55. Kb1 Rh1+ 1/2-1/2